000 00532nam a2200181Ia 4500
999 _c14787
_d14787
003 OSt
005 20201021120519.0
008 190216s9999||||xx |||||||||||||| ||und||
020 _a9788120342897
040 _coclc
082 _a822.09
_bCHA/I
100 _aChakraborty, Kaustav
_95321
245 0 _aIndian Drama In English /
_cKaustav Chakraborty
260 _bPHI Learning Private Limited ,
_c2011.
_aNew Delhi:
300 _a395p
650 _aEnglish
942 _cBK
_2ddc
_h822.09
_iCHA/I
_k822.09
_mCHA/I